000 00520nam a2200193 4500
001 136548
003 ES-MaACL
005 20230906195149.0
007 t|
008 070214s1911 fr r ||||1| fre d
100 1 _aRuyssen, Theodore.
_9101088
245 1 0 _aSchopenhauer /
_cTheodore Ruyssen.
260 _aParis :
_bFélix Alcan,
_c1911.
300 _aXII, 396 p. ;
_c22 cm.
490 1 _aLes grands philosophes
830 0 _aLes grands philosophes
_9182277
852 _aES-MaACL
_jD-1660
999 _c136548
_d136548